Question |
Answer |
Wrong Answers |
Tallin, Estonia Riga, Latvia |
174 miles 280 km | | 74.7% |
489 miles 787 km | | 18.1% |
927 miles 1492 km | | 5% |
1583 miles 2548 km | | 1.2% |
|
Port-au-Prince, Haiti Santo Domingo, Dominican Republic |
159 miles 256 km | | 74% |
426 miles 686 km | | 18.8% |
943 miles 1518 km | | 3.9% |
1286 miles 2070 km | | 1.7% |
|
Karachi, Pakistan Beijing, China |
3024 miles 4867 km | | 72.6% |
12426 miles 19998 km | | 3.2% |
824 miles 1326 km | | 9.5% |
8315 miles 13382 km | | 13% |
|
Dushanbe, Tajikistan Luanda, Angola |
4843 miles 7794 km | | 70% |
3105 miles 4997 km | | 16% |
1756 miles 2826 km | | 5.4% |
676 miles 1088 km | | 5.5% |
|
Lisbon, Portugal Belize City, Belize |
4895 miles 7878 km | | 57.8% |
6483 miles 10433 km | | 23.5% |
1408 miles 1687 km | | 3.3% |
2346 miles 3776 km | | 10.9% |
|
Delhi, India Dhaka, Bangladesh |
892 miles 1436 km | | 55.5% |
426 miles 686 km | | 30.9% |
159 miles 256 km | | 8.4% |
47 miles 76 km | | 3.1% |
|
Villach, Austria Sofia, Bulgaria |
538 miles 866 km | | 53.9% |
1207 miles 1942 km | | 35.5% |
3815 miles 6140 km | | 3.3% |
7652 miles 12315 km | | 3.2% |
|
Lagos, Nigeria São Paulo, Brazil |
3965 miles 6381 km | | 53.3% |
1189 miles 1914 km | | 5.3% |
6821 miles 10977 km | | 35.8% |
842 miles 1355 km | | 2.8% |
|
Casablanca, Morocco Jerusalem, Israel |
2475 miles 3983 km | | 46.5% |
1386 miles 2231 km | | 30.5% |
5831 miles 9384 km | | 6% |
826 miles 1329 km | | 11.8% |
|
Guatemala City, Guatemala Manila, Philippines |
9496 miles 15282 km | | 46.5% |
11854 miles 19077 km | | 24.8% |
3842 miles 6183 km | | 6.2% |
5721 miles 9207 km | | 18.2% |
|
Athens, Greece Rome, Italy |
654 miles 1053 km | | 45.4% |
381 miles 613 km | | 34.7% |
1010 miles 1625 km | | 10.9% |
97 miles 156 km | | 3.8% |
|
Bangkok, Thailand Jakarta, Indonesia |
1446 miles 2327 km | | 43.2% |
683 miles 1099 km | | 27.1% |
2108 miles 3392 km | | 21.3% |
4835 miles 7781 km | | 4.1% |
|
Port of Spain, Trinidad and Tobago Caracas, Venezuela |
367 miles 591 km | | 37.8% |
96 miles 154 km | | 31.9% |
12 miles 19 km | | 9.7% |
822 miles 1323 km | | 15.3% |
|
Suva, Fiji Majuro, Marshall Islands |
1815 miles 2921 km | | 31.4% |
46 miles 74 km | | 5.3% |
228 miles 367 km | | 21.8% |
914 miles 1471 km | | 36.3% |
|
Stockholm, Sweden Lusaka, Zambia |
5200 miles 8369 km | | 28.9% |
3568 miles 5742 km | | 6.2% |
8004 miles 12881 km | | 42.3% |
11935 miles 19208 km | | 17.2% |
|
Comments